000 01019nam0a22002651 4500
001 rc\2647112
005 20110609153425.7
035 _a(NLR Aleph) 006954785
090 _a5282646
_c5282646
100 _a20110609d1929 |||y0rusy50 ca
101 0 _arus
102 _aRU
105 _ay z |||||
200 1 _aКлубная работа школы и организация на ней учащихся
210 _aРостов на Дону
_cБ. и.
_d1929
215 _aС. 3-9
300 _aВ бр. Клубная работа школы. Ростов на Дону, 1929. С. 3-9
300 _aНа обл. загл.: В.И. Донченко. Клубные работы и организация учащихся на ней
512 0 0 _aВ.И. Донченко. Клубные работы и организация учащихся на ней
700 1 _aДонченко
_bВ. С.
801 0 _aRU
_bNLR
_gpsbo
801 1 _aRU
_bELAR
_2rusmarc
852 _aNLR
_j71/314
942 _cBOOK
980 _aNB